Contra marcuse /
Guardado en:
| Autor Principal: | |
|---|---|
| Formato: | Libro |
| Publicado: |
Buenos Aires :
Paidos,
1971
|
| Series: | Paidos. Mundo Moderno, 67
|
| Materias: | |
| Etiquetas: |
Agregar Etiqueta
Sin Etiquetas, Sea el primero en etiquetar este registro!
|
| LEADER | 00467nam a22001695a 4500 | ||
|---|---|---|---|
| 001 | EHU.bham001030 | ||
| 003 | AR-BHAM | ||
| 005 | 20070312165046.0 | ||
| 008 | 130507s1971##################000#0#####d | ||
| 082 | 3 | 0 | |a 301 |
| 100 | 1 | |a Vivas, Eliseo | |
| 245 | 1 | 0 | |a Contra marcuse / |c Eliseo Vivas. |
| 260 | |a Buenos Aires : |b Paidos, |c 1971 | ||
| 300 | |a 263 p. | ||
| 490 | 0 | |a Paidos. Mundo Moderno, 67 | |
| 653 | |a Sociologia | ||
| 859 | |a AR-BHAM |b BIB. HUMANIDADES - General |h 301 |i V836 |p 11.74 |t Ej.1 | ||
